Lily Tomlin Filmography - Statistics

General Stats
  • This quiz has been taken 51 times
    2 since last reset
  • The average score is 7 of 214
Answer Stats
Type Year Name % Correct
TV Show 1994-1997 The Magic School Bus
100%
Film 1980 9 to 5
50%
Commercial 1968 all Detergent
50%
Film 1984 All of Me
50%
Web Series 2015-2022 Grace and Frankie
50%
Film 2015 Grandma
50%
Film 2022 Moving On
50%
Film 1975 Nashville
50%
TV Show 1975, 1976, 1977, 1983, 2019 Saturday Night Live
50%
Film 1993 Short Cuts
50%
Film 2018 Spider-Man: Into the Spider-Verse
50%
TV Show 2002-2006 The West Wing
50%
TV Show 2008 12 Miles of Bad Road
0%
TV Special 1989 50 Years of Television: A Golden Celebration
0%
TV Special 1995 A Comedy Salute to Andy Kaufman
0%
Film 2013 Admission
0%
TV Special 2014 AFI Life Achievement Award: A Tribute to Jane Fonda
0%
TV Special 1984 AFI Life Achievement Award: A Tribute to Lillian Gish
0%
TV Special 2015 AFI Life Achievement Award: A Tribute to Steve Martin
0%
Documentary 2014 Altman
0%
TV Special 1995 A Magic School Bus Halloween
0%
Documentary Series 1991 American Masters
0%
TV Special 1988 An All Star Celebration: Vote '88
0%
Short Documentary 2013 An Apology to Elephants
0%
TV Film 1993 And the Band Played On
0%
TV Special 1990 An Evening with Friends of the Environment
0%
TV Special 1991 A Party for Richard Pryor
0%
Theater 1977 Appearing Nitely
0%
Film 2006 A Prairie Home Companion
0%
Theater 1969 Arf / The Great Airplane Snatch
0%
TV Special 1972 A Royal Gala Variety Performance
0%
TV Special 2002 A Salute to Robert Altman, an American Maverick
0%
TV Special 1987 A Show of Concern: The Heart of America Responds
0%
Theater 1966 Below the Belt
0%
TV Show 2000 Bette
0%
TV Special 2013 Betty White's 2nd Annual 90th Birthday
0%
TV Special 1978 Beverly and Friends
0%
Film 1988 Big Business
0%
Documentary Series 2004, 2006 Biography
0%
Film 1995 Blue in the Face
0%
Short Film 2012 Call to Action
0%
TV Special 2023 Carol Burnett: 90 Years of Laughter + Love
0%
Documentary 2012 Carol Channing: Larger Than Life
0%
TV Show 1975 Cher
0%
Short Film 2013 Ctadc
0%
TV Show 2010 Damages
0%
TV Show 2008-2009 Desperate Housewives
0%
TV Show 1975 Dinah!
0%
TV Special 1977 Disco Fever: 'Saturday Night Fever' Premiere Party
0%
TV Documentary 2019 Dolly Parton: Here I Am
0%
TV Documentary 2003 Dolly Parton: Platinum Blonde
0%
TV Show 2012 Eastbound & Down
0%
TV Short 1994 Edith Ann: A Few Pieces of the Puzzle
0%
TV Short 1994 Edith Ann: Homeless Go Home
0%
TV Short 1996 Edith Ann's Christmas (Just Say Noël)
0%
Film 2023 Eighty for Brady
0%
Documentary 2021 Emily @ the Edge of Chaos
0%
Documentary Series 2005 E! True Hollywood Story
0%
Documentary 2018 Feminists: What Were They Thinking?
0%
Commercial 1998 Fidelity Investments
0%
TV Show 1970-1971 Flip
0%
TV Special 1974 Flip Wilson... Of Course
0%
Film 1996 Flirting with Disaster
0%
TV Show 1994 Frasier
0%
TV Special 1986 Free to Be... a Family
0%
TV Special 1992 Free to Laugh: A Comedy and Music Special for Amnesty International
0%
TV Special 1987 Funny, You Don't Look 200: A Constitutional Vaudeville
0%
Documentary 1999 Get Bruce
0%
Film 1996 Getting Away with Murder
0%
TV Documentary 1995 Golden Anniversary
0%
Documentary 2004 Goodnight, We Love You
0%
Web Special 2020 Grace and Frankie Live Table Read
0%
TV Special 2003 Great Women of Television Comedy
0%
TV Film 1994 Growing Up Funny
0%
Music Video 1986 Hands Across America
0%
TV Special 1997 Happy Birthday Elizabeth: A Celebration of Life
0%
TV Documentary 2004 Happy Birthday Oscar Wilde
0%
Theater 1990-1991 Here Come the Muppets
0%
Documentary Mini-Series 2002 Heroes of Black Comedy
0%
TV Show 1996 Homicide: Life on the Street
0%
Documentary 2019 I Am Richard Pryor
0%
Film 2004 I ♥ Huckabees
0%
TV Special 2001 I Love Lucy's 50th Anniversary Special
0%
TV Special 1992 In a New Light: A Call to Action in the War Against AIDS
0%
Documentary Series 1999, 2000 Intimate Portrait
0%
TV Show 1973 Jack Paar Tonite
0%
Web Special 2022 Jane Fonda & Lily Tomlin: Ladies Night Live
0%
Documentary 2024 Janis Ian: Breaking Silence
0%
TV Show 2013 Joan & Melissa: Joan Knows Best?
0%
Documentary 2010 Joan Rivers: A Piece of Work
0%
TV Show 1992 Just for Laughs
0%
TV Show 2009 Kathy Griffin: My Life on the D-List
0%
TV Special 1987 Kraft Salutes Super Night at the Super Bowl
0%
Film 1998 Krippendorf's Tribe
0%
TV Show 2018 Last Week Tonight with John Oliver
0%
TV Show 1969 Letters to Laugh-In
0%
TV Special 1973 Lily
0%
TV Special 1975 Lily
0%
TV Special 1982 Lily for President?
0%
Short Documentary 2004 Lily's Detroit
0%
TV Special 1981 Lily: Sold Out
0%
Documentary 1986 Lily Tomlin
0%
Short Film 2008 Lily Tomlin Goes Shopping
0%
TV Special 1977, 1979 Lily Tomlin in Appearing Nitely
0%
TV Show 1983 Live... And in Person
0%
Documentary 2021 Live at Mister Kelly's
0%
TV Documentary 2005 Live from New York: The First 5 Years of Saturday Night Live
0%
TV Special 2020 Love in Action: A Telethon to Support the LGBTQ Community During COVID-19
0%
TV Special 2021 Love in Action: A Telethon to Support the Los Angeles LGBT Center
0%
TV Documentary 2020 Lucille Ball: We Love Lucy
0%
Documentary 1993 Luck, Trust & Ketchup: Robert Altman in Carver Country
0%
TV Show 2012-2013 Malibu Country
0%
Film 1978 Moment by Moment
0%
TV Special 1990 Motown 30: What's Goin' on!
0%
TV Show 1996-1998 Murphy Brown
0%
TV Show 1969 Music Scene
0%
TV Show 2011 NCIS
0%
TV Special 1996 Night of About 14 CBS Stars
0%
Short Documentary 2013 One for Ten
0%
TV Special 2020 One World: Together at Home
0%
Film 2002 Orange County
0%
Documentary 2024 Outstanding: A Comedy Revolution
0%
Film 2009 Ponyo
0%
TV Show 1984 Pryor's Place
0%
Documentary 1998 Reno Finds Her Mom
0%
Documentary 2013 Richard Pryor: Omit the Logic
0%
TV Special 1994 Rowan and Martin's Laugh-In: A Valentine's Day Special
0%
TV Show 1969-1973 Rowan & Martin's Laugh-In
0%
TV Special 1993 Rowan & Martin's Laugh-In: 25th Anniversary Reunion
0%
TV Show 2011 RuPaul's Drag Race
0%
TV Show 2011 RuPaul's Drag Race: Untucked!
0%
TV Show 1972 Sacha's in Town
0%
TV Special 1999 Saturday Night Live 25
0%
TV Special 2011 Saturday Night Live Backstage
0%
Film 1972 Scarecrow in a Garden of Cucumbers
0%
TV Show 1976-1997 Sesame Street
0%
TV Film 1993 Sesame Street Stays Up Late!
0%
Film 1991 Shadows and Fog
0%
Documentary Series 2013 Song by Song
0%
TV Show 1979 Standing Room Only
0%
Web Special 2022 Stand Out: An LGBTQ+ Celebration
0%
Web Special 2019 Still Laugh-In: The Stars Celebrate
0%
Documentary 2022 Still Working 9 to 5
0%
Web Series 2017 Storyline Online
0%
TV Special 1984 Sunday Night Live
0%
Documentary Mini-Series 2021 Superstar
0%
Documentary 2004 Superstar in a Housedress
0%
Short Film 2015 Take Flight - The New York Times
0%
Short Documentary 2010 Teach Your Children Well
0%
Film 1999 Tea with Mussolini
0%
Documentary Series 1972 Telescope
0%
Award Show 1993 The 14th Annual CableACE Awards
0%
TV Special 1977 The American Film Institute's 10th Anniversary Special
0%
Award Show 2001 The Annual 46th Annual Drama Desk Awards
0%
Film 2006 The Ant Bully
0%
Film 1993 The Beverly Hillbillies
0%
TV Special 2017 The Carol Burnett 50th Anniversary Special
0%
TV Show 1972 The Carol Burnett Show
0%
Documentary 1995 The Celluloid Closet
0%
Documentary Mini-Series 2022 The Checkup with Dr. David Agus
0%
TV Special 1988 The Comedy Club Special
0%
TV Show 1972 The Electric Company
0%
TV Show 1966 The Gary Moore Show
0%
Web Special 2023 The Give Back-ular Spectacular
0%
TV Show 1970 The Glen Campbell Goodtime Hour
0%
TV Show 2005 The Gym
0%
Documentary Series 2018 The History of Comedy
0%
Documentary Series 2005 The Hollywood Greats
0%
TV Show 1970-1975 The Hollywood Squares
0%
Film 1981 The Incredible Shrinking Woman
0%
TV Special 2008, 2014 The Kennedy Center Honors: A Celebration of the Performing Arts
0%
TV Special 2009 The Kennedy Center Mark Twain Prize for American Humor: George Carlin
0%
Film 2000 The Kid
0%
Film 1977 The Late Show
0%
TV Special 1973 The Lily Tomlin Show
0%
TV Special 1975 The Lily Tomlin Special
0%
Film 2019 The Madness Within
0%
Web Series 2017-2018 The Magic School Bus Rides Again
0%
TV Special 2012 The Mark Twain Prize: Ellen DeGeneres
0%
TV Special 2003 The Mark Twain Prize: Lily Tomlin
0%
TV Special 2005 The Mark Twain Prize: Steve Martin
0%
TV Show 1968-1975 The Merv Griffin Show
0%
TV Show 1981 The Midnight Special
0%
TV Show 1969-1980 The Mike Douglas Show
0%
TV Special 1981 The Muppets Go to the Movies
0%
TV Show 1972 The New Bill Cosby Show
0%
Web Special 2019 The Paley Honors: A Special Tribute to Television's Comedy Legends
0%
TV Special 1977 The Paul Simon Special
0%
Film 2009 The Pink Panther 2
0%
Film 1992 The Player
0%
Short Film 2012 The Procession
0%
Film TBA The Road Home
0%
TV Show 1981 The Russell Harty Show
0%
Theater 1985-2003 The Search for Signs of Intelligent Life in the Universe
0%
TV Film 1991 The Search for Signs of Intelligent Life in the Universe
0%
TV Show 2005 The Simpsons
0%
TV Show 1975 The Smothers Brothers Show
0%
Documentary Series 1996 The South Bank Show
0%
TV Special 1977 The Stars Salute America's Greatest Movies
0%
TV Show 1970-1991 The Tonight Show Starring Johnny Carson
0%
Film 2007 The Walker
0%
Documentary 2024 The World According to Allee Willis
0%
TV Show 1998 The X-Files
0%
Theater 1998 V-Day
0%
Documentary 2011 Vito
0%
Documentary 2020 Waging Change
0%
Commercial 2003 WebEx
0%
TV Show 2011-2015 Web Therapy
0%
Web Series 2012-2014 Web Therapy
0%
TV Special 1995 Who Makes You Laugh?
0%
TV Special 2013 Why We Laugh: Funny Women
0%
TV Show 2005, 2006 Will & Grace
0%
TV Documentary 2003 Women on Top: Hollywood and Power
0%
Theater 1964 World of Illusion
0%
No matching quizzes found
Score Distribution
Percent of People with Each Score
Percentile by Number Answered
Your Score History
You have not taken this quiz since the last reset